000 00927nam0a22002531 4500
001 rc\311200
005 20250621032125.0
035 _a(NLR Aleph) 005545942
090 _a5759710
_c5759710
100 _a20030307d1990 |||y0rusy50 ca
101 0 _arus
102 _aRU
105 _aa |||||||||
200 1 _aТехническая газовая динамика. Основные законы движения газов при высоких скоростях
_eУчеб. пособие
_fМоск. автомоб.-дор. ин-т
210 _aМ.
_cМАДИ
_d1990
215 _a114 с.
_cил.
_d20
320 _aБиблиогр.: с. 102 (6 назв.)
700 1 _aСелявин
_bВ.А.
_gВиталий Андреевич
701 1 _aИванин
_bС.В.
_gСвятослав Вильямович
801 0 _aRU
_bNLR
_gpsbo
801 1 _aRU
_bELAR
_2rusmarc
852 _aNLR
_j92-3/201
942 _cBOOK
980 _aNB